| 000 | 01231nac a22002171u 4500 | ||
|---|---|---|---|
| 008 | 110127t xxu||||| |||| 00| 0 eng d | ||
| 010 | _a 2001007500 | ||
| 020 | _a0631225552 (hbk.) - 0631225560 | ||
| 020 | _a0631225560 (pbk.) | ||
| 082 | 0 | 0 |
_a320.91724 _bHAY |
| 100 |
_aHaynes, Jeffrey. _922203 |
||
| 245 | 1 | 0 |
_aPolitics in the developing world : _ba concise introduction / _cJeff Haynes. |
| 260 |
_aMalden, MA : _bBlackwell Publishers,2002 _c2002. |
||
| 300 |
_avii, 299 p. ; _c24 cm. |
||
| 504 | _aIncludes bibliographical references (p. [276]-291) and index. | ||
| 505 | 0 | _aPolitics, economics and societies in the developing world at the new millennium -- Globalisation and international relations -- Economic growth and development -- Democratisation and democracy -- Religious and ethnic conflict -- Human rights -- Women and gender -- Politics of the natural environment. | |
| 650 | 0 |
_aGlobalization. _922204 |
|
| 651 | 0 |
_aDeveloping countries _xPolitics and government. _922205 |
|
| 942 |
_cBB _k320.91724 HAY _2ddc |
||
| 999 |
_c2039 _d2039 |
||